000 00440nam a2200169Ia 4500
008 230524s9999 xx 000 0 und d
020 _a9788120314740
082 _a628
_bSIN
100 _aArcadio P.Sincero
245 0 _aEnvironmental Engineering: A Design Approach
260 _aNEW DELHI
_bPHI
_c2010
300 _aXX;795
500 _aQuantity Number: 20
650 _aEnvironmental
700 _a Gregoria A.Sincero
942 _cBK
999 _c47325
_d47325